000 00734nam a2200205Ii 4500
003 JO-AjNU
008 230605s9999||||xx |||||||||||||| ||und||
040 _aJO-AjNU
_bara
_erda
_cJO-AjNU
041 _aara
050 1 4 _aKRM3526.A5787.2002
100 3 _a العمروسى ، أنور ,
_eauthor
_931985
245 0 0 _aالدعاوى المسماة في القانون المدني في ضوء الفقة وأحكام القضاء
250 _a(د،ط)
264 3 1 _aالاسكندرية : دار الفكر الجامعي ، 2002
300 _a1254ص
336 _atext
_btxt
_2rdacontent
337 _aunmediated
_bn
_2rdamedia
338 _avolume
_bnc
_2rdacarrier
650 4 _aالدعوى المدنية -- مصر 
_931986
999 _aA12858
_c16426
_d16426